|
|
|
|
| LEADER |
00000cam a2200000 4500 |
| 001 |
vtls012264126 |
| 003 |
SK-MaSNL |
| 005 |
20260301192639.0 |
| 008 |
240925s2024 xo ab g 010 f slo |
| 015 |
|
|
|a SNBA2024/10
|
| 020 |
|
|
|a 9788022214964
|q (viazané)
|
| 040 |
|
|
|a SNK
|b slo
|c SNK
|e rda
|
| 041 |
1 |
|
|a slo
|h eng
|
| 044 |
|
|
|a xo
|c SK
|
| 072 |
|
7 |
|a 821.111-3
|x Anglická próza, anglicky písaná
|2 konspekt
|
| 080 |
|
|
|a 94(38+35)"-0500/-0449"
|2 2011
|
| 080 |
|
|
|a 821.111-31
|2 2011
|
| 080 |
|
|
|a 821-311.6
|2 2011
|
| 100 |
1 |
|
|a Iggulden, Conn,
|d 1971-
|4 aut
|9 414696
|
| 240 |
1 |
4 |
|a The lion
|l Slovensky
|
| 245 |
1 |
0 |
|a Lev
|c Conn Iggulden ; z anglického originálu The lion ... preložila Lucia Halová
|
| 246 |
1 |
|
|i Obálkový podnázov:
|a Človek sa nerodí ako hrdina. Stáva sa ním
|
| 250 |
|
|
|a Vydanie I.
|
| 264 |
|
1 |
|a Bratislava
|b Tatran
|c 2024
|
| 300 |
|
|
|a 334 strán
|b mapa, tabuľky
|c 24 cm
|
| 336 |
|
|
|a text
|b txt
|2 rdacontent
|
| 337 |
|
|
|a bez média
|b n
|2 rdamedia
|
| 338 |
|
|
|a zväzok
|b nc
|2 rdacarrier
|
| 500 |
|
|
|a Obsahuje stručné biografické údaje o autorovi na záložke prebalu publikácie
|
| 650 |
0 |
7 |
|a grécko-perzské vojny, 500-449 pr. Kr.
|2 SNKPH
|9 106137
|
| 650 |
0 |
7 |
|a Greco-Persian wars, 500-449 B.C.
|2 SNKPHeng
|9 414697
|
| 655 |
|
7 |
|a anglické romány
|2 SNKPH
|9 70428
|
| 655 |
|
7 |
|a historické romány
|2 SNKPH
|9 70253
|
| 655 |
|
7 |
|a English fiction
|2 SNKPHeng
|9 109944
|
| 655 |
|
7 |
|a Historical novels
|2 SNKPHeng
|9 276887
|
| 700 |
1 |
|
|a Halová, Lucia,
|d 1979-
|4 trl
|9 105390
|
| 787 |
0 |
8 |
|i Zo série:
|t Zlatý vek
|g 1. diel
|
| 852 |
|
|
|a Slovenská národná knižnica
|
| 919 |
|
|
|a 978-80-222-1496-4
|
| 954 |
|
|
|a beletria cudzojazyčná (svetová)
|2 lita
|
| 958 |
|
|
|a LX
|
| 958 |
|
|
|a UP
|
| 968 |
|
|
|b ENG
|
| 999 |
|
|
|c 874752
|d 876682
|
| 952 |
|
|
|a SNK
|b SNK
|y PREZ
|7 0
|p 17A1552893
|o snkSC 207924
|i snk2024/14784
|8 0
|0 0
|1 0
|4 0
|d 2024-09-25
|l 0
|r 2025-10-31 00:00:00
|w 2026-02-24
|
| 952 |
|
|
|a SNK
|b SNK
|y PREZ
|7 0
|p 17A1552894
|o snkSC 207924 D1
|i snk2024/14786
|8 0
|0 0
|1 0
|4 0
|d 2024-09-25
|l 0
|r 2026-02-24 05:54:53
|w 2026-02-24
|